Diário de um adolescente apaixonado (Record no. 64094)

MARC details
000 -LÍDER
campo de controle de tamanho fixo 00325 a2200133 4500
001 - NÚMERO DE CONTROLE
campo de controle 64094
040 ## - FONTE DA CATALOGAÇÃO
Instituição que transcreveu o registro Anchieta - Pituba
100 ## - ENTRADA PRINCIPAL--NOME PESSOAL
Nome pessoal Moreira, Rafael
240 10 - TÍTULO UNIFORME
Título uniforme Diário de um adolescente apaixonado
Idioma da obra por
245 10 - TÍTULO
Título Diário de um adolescente apaixonado
300 ## - DESCRIÇÃO FÍSICA
Extensão 124
650 #4 - ASSUNTO--TERMO TÓPICO
Cabeçalho tópico ou nome geográfico Ficção brasileira
942 ## - ELEMENTOS DE ENTRADA ADICIONADOS (KOHA)
Tipo de material Koha Livros
Holdings
Situação do descarte Situação das perdas Situação física Não pode ser emprestado Biblioteca de origem Biblioteca atual Data de aquisição Total de empréstimos Número de chamada completo Código de barras Data de último acesso Data do preço efetivo Tipo de material Koha
        Colégio Anchieta - Pituba Colégio Anchieta - Pituba 21/11/2023   869.93 M838d MOR DIA 17714/PIT 21/11/2023 21/11/2023 Livros